Buraucratic authoritarianism : Argentina, 1966-1973, in comparative perspective
Αποθηκεύτηκε σε:
| Κύριος συγγραφέας: | |
|---|---|
| Μορφή: | Βιβλίο |
| Γλώσσα: | English Spanish |
| Δημοσίευση: |
Berkeley, Los Angeles :
University of California Press,
1988.
|
| Θέματα: | |
| Ετικέτες: |
Προσθήκη ετικέτας
Δεν υπάρχουν, Καταχωρήστε ετικέτα πρώτοι!
|
MARC
| LEADER | 00000cam a2200000 i 4500 | ||
|---|---|---|---|
| 001 | 1/40461 | ||
| 008 | 960201s1988 us | ||| |||| ||eng|| | ||
| 020 | |a 0520042603 | ||
| 035 | |l 10025233 | ||
| 040 | |a GR-MyUA |b gre |e AACR2 | ||
| 041 | 1 | |a eng |h spa | |
| 082 | 0 | |a 982.063 | |
| 100 | 1 | |a O'Donnell, Guillermo A. | |
| 245 | 1 | 0 | |a Buraucratic authoritarianism : |b Argentina, 1966-1973, in comparative perspective / |c Guillermo O'Donnell. |
| 260 | |a Berkeley, Los Angeles : |b University of California Press, |c 1988. | ||
| 300 | |a 338 σ. | ||
| 500 | |a Τίτλος πρωτοτύπου: El estado burocratico authoritario. Argentina 1966-1973. | ||
| 504 | |a Περιέχει ευρετήριο. | ||
| 650 | 0 | 0 | |a Authoritarianism |z Argentina. |
| 651 | 0 | |a Argentina |x Politics and government |y 1955-1983. | |
| 852 | |a INST |b CHIOS |e 19960201 |h 982.063 ODO |p 005200003657 |q 005200003657 |t BK |y 0 | ||
| 909 | |a Χ |b 036483 | ||